| 000 | 00362nam a2200145Ia 4500 | ||
|---|---|---|---|
| 008 | 230917s9999||||xx |||||||||||||| ||und|| | ||
| 040 |
_e126919 _aMAIN |
||
| 041 | _aEnglish | ||
| 082 | _a346.0134 K134L | ||
| 100 | _aKant, anjani | ||
| 245 | 0 | _aLaw relating to women and children | |
| 260 |
_aallahabd _bCentral _c2003 |
||
| 300 | _axvi, 198p p. | ||
| 942 | _cBK | ||
| 999 |
_c120715 _d120715 |
||